Currency Initials Quiz - Statistics

General Stats
  • This quiz has been taken 30 times
    29 since last reset
  • The average score is 11 of 16
Answer Stats
Currency Initial % Correct
Euro EUR
100%
British Pound GBP
91%
Indian Rupee INR
86%
Japanese Yen JPY
86%
Singapore Dollar SGD
86%
Thai Baht THB
82%
Iranian Rial IRR
77%
Russian Ruble RUB
77%
Brazilian Real BRL
64%
Chinese Yuan CNY
64%
Taiwan New Dollar TWD
64%
Swiss Franc CHF
59%
South Korean Won KRW
59%
Emirati Dirham AED
55%
Mexican Peso MXN
45%
Venezuelan Bolivar VEF
5%
No matching quizzes found
Score Distribution
Percent of People with Each Score
Percentile by Number Answered
Your Score History
You have not taken this quiz since the last reset